Countries From a Blind Start #2 - Statistics

General Stats
  • This quiz has been taken 1,529 times
    1,528 since last reset
  • The average score is 32 of 45
Answer Stats
Answer % Correct
China
94%
Russia
94%
Germany
93%
Austria
91%
Switzerland
89%
Iran
88%
Italy
88%
Kazakhstan
88%
Iraq
87%
Pakistan
86%
Afghanistan
85%
Turkmenistan
85%
Turkmenistan
85%
Uzbekistan
85%
Hungary
84%
Slovakia
84%
Kyrgyzstan
83%
Slovenia
83%
Czechia
81%
Liechtenstein
80%
Azerbaijan
78%
Egypt
78%
Chad
77%
Turkey
77%
Algeria
76%
Armenia
76%
Libya
76%
Sudan
75%
Tunisia
74%
Niger
71%
Syria
61%
Israel
60%
Laos
60%
Cambodia
59%
Lebanon
59%
Thailand
59%
Vietnam
59%
Spain
50%
Portugal
49%
Serbia
47%
Kosovo
43%
Albania
42%
North Macedonia
42%
Montenegro
41%
Tonga
9%
No matching quizzes found
Score Distribution
Percent of People with Each Score
Percentile by Number Answered
Your Score History
You have not taken this quiz since the last reset